[Event "Women's Speed Chess Q7"]
[Site "chess.com INT"]
[Date "2021.06.06"]
[Round "7"]
[White "Berend, Elvira"]
[Black "Petrova, Irina"]
[Result "0-1"]
[WhiteTitle "WGM"]
[BlackTitle "WIM"]
[WhiteElo "2326"]
[BlackElo "2110"]
[WhiteFideId "4000510"]
[BlackFideId "14124122"]
[EventDate "2021.06.06"]

1. e4 d6 2. d4 Nf6 3. Nc3 e5 4. Nf3 Nbd7 5. Bc4 Be7 6. O-O O-O 7. a4 c6 8. Re1
h6 9. b3 Re8 10. Bb2 Bf8 11. Qd2 exd4 12. Nxd4 Ne5 13. Bf1 g5 14. Nde2 Bg7 15.
Ng3 Ng6 16. a5 Be6 17. Nce2 d5 18. e5 Nd7 19. f4 gxf4 20. Nxf4 Ndxe5 21. Nxe6
Rxe6 22. Nf5 Qg5 23. Qxg5 hxg5 24. Nxg7 Kxg7 25. Rad1 Rae8 26. Be2 f6 27. h3 Nf4
28. Kf1 Nxe2 29. Rxe2 Ng6 30. Rf2 Nf4 31. h4 Kg6 32. hxg5 fxg5 33. Bc1 Nh5 34.
Bd2 Ng3+ 35. Kg1 Re2 36. Rf3 Ne4 37. Be1 Rxc2 38. a6 bxa6 39. Ba5 Re6 40. Rdf1
Rf6 41. Rxf6+ Nxf6 42. Bd8 Ne4 43. Rf8 d4 44. Rg8+ Kf7 45. Rh8 d3 46. Rh3 d2 0-1

[Event "Women's Speed Chess Q7"]
[Site "chess.com INT"]
[Date "2021.06.06"]
[Round "7"]
[White "Padmini, Rout"]
[Black "Vo, Thi Kim Phung"]
[Result "1-0"]
[WhiteTitle "IM"]
[BlackTitle "WGM"]
[WhiteElo "2370"]
[BlackElo "2335"]
[WhiteFideId "5029295"]
[BlackFideId "12401838"]
[EventDate "2021.06.06"]

1. e4 e6 2. d4 d5 3. Nd2 Nf6 4. e5 Nfd7 5. c3 c5 6. Bd3 b6 7. Ne2 Ba6 8. Bxa6
Nxa6 9. O-O Be7 10. Nf3 O-O 11. a3 f6 12. Bf4 f5 13. Qd2 Nc7 14. g3 h6 15. h4
Kh7 16. Kg2 c4 17. Rh1 b5 18. Rh2 a5 19. Bg5 h5 20. Nf4 g6 21. Rhh1 Kg7 22. Bxe7
Qxe7 23. Ng5 Rh8 24. Rhb1 a4 25. Rh1 Nb6 26. f3 Nd7 27. g4 hxg4 28. fxg4 fxg4
29. Qc2 Rh6 30. Raf1 Rf8 31. Qd2 Rf5 32. Ne2 Ne8 33. Ng3 Nc7 34. Qe2 1-0

[Event "Women's Speed Chess Q7"]
[Site "chess.com INT"]
[Date "2021.06.06"]
[Round "7"]
[White "Kazarian, Anna-Maja"]
[Black "Tarasova, Viktoriya"]
[Result "1-0"]
[WhiteTitle "FM"]
[BlackTitle "WIM"]
[WhiteElo "2096"]
[BlackElo "2226"]
[WhiteFideId "1033689"]
[BlackFideId "4175840"]
[EventDate "2021.06.06"]

1. e4 c5 2. Nf3 d6 3. d4 cxd4 4. Nxd4 Nf6 5. Nc3 a6 6. Be2 e5 7. Nb3 Be7 8. O-O
O-O 9. Kh1 Be6 10. f4 exf4 11. Bxf4 Nc6 12. Qe1 Ne5 13. Rd1 Qc7 14. Nd4 b5 15.
Qg3 Rad8 16. a3 Ng6 17. Bg5 h6 18. Be3 Kh7 19. Nf5 Bxf5 20. exf5 Ne5 21. Bf4 Nc4
22. Bxc4 Qxc4 23. Rfe1 Rfe8 24. Qf3 Qc7 25. g4 Bf8 26. g5 Rxe1+ 27. Rxe1 hxg5
28. Bxg5 d5 29. Bxf6 gxf6 30. Qh5+ Bh6 31. Ne2 d4 32. Ng3 Rg8 33. Qf3 Qxc2 34.
Re7 Qb1+ 35. Kg2 Qxb2+ 36. Kh3 Rg7 37. Nh5 Qc3 38. Qxc3 dxc3 39. Nxf6+ Kh8 40.
Re8+ Rg8 41. Rxg8# 1-0

[Event "Women's Speed Chess Q7"]
[Site "chess.com INT"]
[Date "2021.06.06"]
[Round "7"]
[White "Kulkarni, Bhakti"]
[Black "Nandhidhaa, P V"]
[Result "0-1"]
[WhiteTitle "IM"]
[BlackTitle "WGM"]
[WhiteElo "2391"]
[BlackElo "2365"]
[WhiteFideId "5019516"]
[BlackFideId "5050847"]
[EventDate "2021.06.06"]

1. d4 c5 2. d5 e5 3. e4 d6 4. Nc3 Be7 5. Bb5+ Nd7 6. a4 Bg5 7. Nf3 Bxc1 8. Qxc1
a6 9. Bd3 Ne7 10. O-O Ng6 11. g3 O-O 12. Nd2 Nf6 13. Nc4 Bh3 14. Re1 Ne8 15. a5
f5 16. exf5 Bxf5 17. Bxf5 Rxf5 18. Ne4 Qe7 19. Qe3 Rd8 20. Rf1 Qf8 21. Kg2 Nf6
22. f3 Nh5 23. Qb3 Qe7 24. Rad1 Nhf4+ 25. gxf4 Nxf4+ 26. Kh1 Qh4 27. Qe3 Rh5 28.
Qf2 Qh3 29. Ncxd6 Rf8 30. Rg1 Ng6 31. Qg3 Qd7 32. Nc4 Rf4 33. Nxc5 Qe7 34. Ne6
Rfh4 35. Rd2 Rh3 36. Qg4 R5h4 37. Qg5 Qf7 38. d6 Qxf3+ 39. Rdg2 Rxh2# 0-1

[Event "Women's Speed Chess Q7"]
[Site "chess.com INT"]
[Date "2021.06.06"]
[Round "7"]
[White "Priyanka, K"]
[Black "Mendoza, Shania Mae"]
[Result "0-1"]
[WhiteTitle "WIM"]
[BlackTitle "WFM"]
[WhiteElo "2218"]
[BlackElo "2158"]
[WhiteFideId "5082986"]
[BlackFideId "5211158"]
[EventDate "2021.06.06"]

1. e4 e5 2. Nf3 Nc6 3. Bb5 Nf6 4. d3 d6 5. Nc3 Bd7 6. Bg5 Be7 7. Bxf6 Bxf6 8.
Nd5 O-O 9. h4 Be6 10. Ng5 Bxd5 11. exd5 Nd4 12. Ba4 Bxg5 13. hxg5 Qxg5 14. c3
Nf5 15. Qf3 Nh4 16. Qh3 Nxg2+ 17. Kf1 h6 18. Qxg2 Qf5 19. Qe4 Qg6 20. Qxg6 fxg6
21. Ke2 Rf4 22. Bc2 Raf8 23. Raf1 g5 24. Rh3 g4 25. Rg3 h5 26. Bd1 g5 27. Ke3
Kg7 28. Be2 Kg6 29. f3 gxf3 30. Rgxf3 h4 31. Rxf4 exf4+ 32. Kf3 Kf5 33. d4 g4+
34. Kf2 Ke4 35. Re1 g3+ 36. Kg2 Ke3 37. Bf3+ Kd2 38. Re2+ Kd3 0-1

[Event "Women's Speed Chess Q7"]
[Site "chess.com INT"]
[Date "2021.06.06"]
[Round "7"]
[White "Shuvalova, Polina"]
[Black "Frayna, Janelle Mae"]
[Result "1-0"]
[WhiteTitle "IM"]
[BlackTitle "WGM"]
[WhiteElo "2489"]
[BlackElo "2179"]
[WhiteFideId "24171760"]
[BlackFideId "5212499"]
[EventDate "2021.06.06"]

1. b3 Nf6 2. Bb2 e6 3. Nf3 Be7 4. d3 O-O 5. e4 d5 6. e5 Nfd7 7. Nbd2 c5 8. d4
Nc6 9. Be2 cxd4 10. Nxd4 Ndxe5 11. O-O Ng6 12. c4 Nxd4 13. Bxd4 e5 14. Bb2 d4
15. Rc1 f5 16. c5 d3 17. Bh5 Nf4 18. Bxe5 Nxh5 19. Qxh5 Bf6 20. Bxf6 Qxf6 21.
Qf3 Rd8 22. Rfd1 Rb8 23. Nc4 Be6 24. Nd6 b6 25. b4 bxc5 26. bxc5 Bxa2 27. Rxd3
Bb1 28. Re3 Ba2 29. h3 g6 30. Ra3 Be6 31. Rxa7 Qe5 32. Re7 Qf6 33. Rc7 Qe5 34.
Qc3 Qxc3 35. Rxc3 Rb1+ 36. Kh2 f4 37. Ra7 Bd5 38. f3 Rb2 39. Ra4 g5 40. Rd4 Bc6
41. Nf5 Rxd4 42. Nxd4 Bd5 43. c6 1-0

[Event "Women's Speed Chess Q7"]
[Site "chess.com INT"]
[Date "2021.06.06"]
[Round "7"]
[White "Nikolova, Adriana"]
[Black "Bodnaruk, Anastasia"]
[Result "0-1"]
[WhiteTitle "WGM"]
[BlackTitle "IM"]
[WhiteElo "2243"]
[BlackElo "2446"]
[WhiteFideId "2908689"]
[BlackFideId "4181751"]
[EventDate "2021.06.06"]

1. e4 c5 2. Nf3 d6 3. d4 cxd4 4. Nxd4 Nf6 5. Nc3 a6 6. Bg5 Nbd7 7. Bc4 Qb6 8.
Bb3 e6 9. Qd2 Be7 10. O-O-O Nc5 11. f3 Qc7 12. g4 b5 13. h4 b4 14. Nce2 Bd7 15.
Kb1 a5 16. Bc4 Ncxe4 17. fxe4 Qxc4 18. Bxf6 Bxf6 19. g5 Be5 20. Nf3 Ra7 21. Nxe5
dxe5 22. Qd6 Qc7 23. Qd3 Rb7 24. Ng3 a4 25. h5 O-O 26. g6 fxg6 27. h6 gxh6 28.
Rxh6 b3 29. cxb3 axb3 30. a3 Bb5 31. Qxb3 Bc4 32. Qc3 Rb3 33. Qc2 Rc8 34. Ne2
Bd3 35. Qxd3 Rxd3 36. Rxd3 Qc2+ 37. Ka2 Qxd3 38. Nc3 Rxc3 39. bxc3 Qc2+ 40. Ka1
Qxc3+ 41. Ka2 Qc2+ 42. Ka1 Qc3+ 43. Ka2 Qd2+ 44. Kb3 Qxh6 0-1

[Event "Women's Speed Chess Q7"]
[Site "chess.com INT"]
[Date "2021.06.06"]
[Round "7"]
[White "Zaichenko, Daria"]
[Black "Zhou, Qiyu"]
[Result "1/2-1/2"]
[WhiteTitle "WFM"]
[BlackTitle "FM"]
[WhiteElo "2104"]
[BlackElo "2229"]
[WhiteFideId "4197453"]
[BlackFideId "505161"]
[EventDate "2021.06.06"]

1. e4 c5 2. Nf3 d6 3. d4 cxd4 4. Nxd4 Nf6 5. Nc3 Nc6 6. Bc4 e5 7. Nb3 Be7 8. O-O
O-O 9. Kh1 a6 10. a4 Be6 11. Bxe6 fxe6 12. f4 exf4 13. Bxf4 Qd7 14. Qd3 Nb4 15.
Qd2 d5 16. Rad1 Rad8 17. exd5 exd5 18. Be5 b6 19. Nd4 a5 20. Ncb5 Ne4 21. Qe2
Nc6 22. Nxc6 Qxc6 23. c3 Bc5 24. Nd4 Bxd4 25. Bxd4 Qh6 26. Qg4 Nf6 27. Qe6+ Kh8
28. Bxf6 Rxf6 29. Rxf6 Qxf6 30. Qxf6 gxf6 31. c4 d4 32. Kg1 Kg7 33. Kf2 d3 34.
Ke3 Rc8 35. Kxd3 Rd8+ 36. Kc2 Re8 37. Rd2 Re4 38. Kc3 Re3+ 39. Rd3 Re2 40. Rg3+
Kf7 41. b4 Re1 42. b5 Ra1 43. Kb3 Rb1+ 44. Ka2 Rc1 45. Rh3 Kg6 46. Rg3+ Kf7 47.
Kb3 Rb1+ 48. Ka2 Rc1 1/2-1/2

[Event "Women's Speed Chess Q7"]
[Site "chess.com INT"]
[Date "2021.06.06"]
[Round "7"]
[White "Nguyen, Hong Anh"]
[Black "Semenova, Elena1"]
[Result "1-0"]
[WhiteTitle "WIM"]
[BlackTitle "WIM"]
[WhiteElo "1993"]
[BlackElo "2246"]
[WhiteFideId "12406732"]
[BlackFideId "24125148"]
[EventDate "2021.06.06"]

1. d4 f5 2. g3 Nf6 3. Bg2 g6 4. c3 Bg7 5. Nh3 d6 6. O-O O-O 7. Qb3+ Kh8 8. Bxb7
Bxb7 9. Qxb7 Nbd7 10. Nf4 Qb8 11. Qxb8 Raxb8 12. Ne6 Rfc8 13. Nxg7 Kxg7 14. Nd2
e5 15. Nb3 e4 16. Bf4 h6 17. h4 Nd5 18. Bd2 N7b6 19. Rfc1 Nc4 20. Be1 g5 21.
hxg5 hxg5 22. Nd2 Nxd2 23. Bxd2 Rxb2 24. Bxg5 Rxe2 25. c4 Nb4 26. Rab1 Nd3 27.
Rf1 Kg6 28. Be3 c5 29. dxc5 dxc5 30. a3 Rh8 31. Rb7 Ne5 32. Kg2 Ng4 33. Bxc5
Rh2+ 34. Kg1 Rh8 35. Bd4 Rd8 36. Bxa7 Ne5 37. Kg2 Nf3 38. Rb6+ Kg5 39. Rb3 f4
40. gxf4+ Kxf4 41. Be3+ Kg4 42. Rb7 Rg8 43. Rh1 Kf5+ 44. Kh3 Rh8+ 45. Kg2 Rg8+
46. Kh3 1-0

[Event "Women's Speed Chess Q7"]
[Site "chess.com INT"]
[Date "2021.06.06"]
[Round "7"]
[White "Dordzhieva, Dinara"]
[Black "Corrales Jimenez, Zenia"]
[Result "1-0"]
[WhiteTitle "WGM"]
[BlackTitle "WIM"]
[WhiteElo "2311"]
[BlackElo "2189"]
[WhiteFideId "24157570"]
[BlackFideId "3506355"]
[EventDate "2021.06.06"]

1. Nf3 d5 2. g3 Nf6 3. Bg2 g6 4. c4 Bg7 5. cxd5 Nxd5 6. d4 O-O 7. O-O c6 8. e3
Bg4 9. h3 Bxf3 10. Bxf3 Nd7 11. Bg2 e5 12. e4 N5b6 13. d5 cxd5 14. exd5 Nf6 15.
Nc3 Qd7 16. Be3 Rac8 17. Qb3 Nc4 18. Bg5 h6 19. Bxf6 Bxf6 20. Rad1 a6 21. Rfe1
b5 22. Ne4 Bg7 23. d6 f5 24. Nc3 Kh7 25. Nd5 e4 26. f3 Qa7+ 27. Kh2 Nxd6 28.
fxe4 fxe4 29. Nf4 Nc4 30. Rxe4 Rce8 31. Rde1 Rxe4 32. Rxe4 Nd2 33. Qd3 Nxe4 34.
Qxe4 Qb6 35. Nd5 Qd6 36. b4 Rc8 37. h4 Rc4 38. Qf3 Rd4 39. a3 Rxh4+ 40. Kg1 Rd4
41. Kh2 Rh4+ 42. Kg1 Rc4 43. Kh2 Qe5 44. Qf7 Qh5+ 45. Kg1 Rc1+ 46. Kf2 Rc2+ 47.
Kg1 Qd1+ 48. Kh2 Qd4 49. Ne7 Rxg2+ 50. Kxg2 Qb2+ 51. Kh3 Qf6 52. Qg8# 1-0

[Event "Women's Speed Chess Q7"]
[Site "chess.com INT"]
[Date "2021.06.06"]
[Round "7"]
[White "Sviridova, Vlada"]
[Black "Komiagina, Maria"]
[Result "1-0"]
[WhiteTitle "WFM"]
[BlackTitle "WIM"]
[WhiteElo "2144"]
[BlackElo "2241"]
[WhiteFideId "24109606"]
[BlackFideId "4153987"]
[EventDate "2021.06.06"]

1. d4 Nf6 2. c4 g6 3. Nc3 Bg7 4. e4 d6 5. Nf3 O-O 6. Be2 Nfd7 7. O-O e5 8. d5 h6
9. Qc2 f5 10. Rd1 Nc5 11. Nd2 fxe4 12. Ncxe4 Nxe4 13. Nxe4 Bf5 14. Bd3 Nd7 15.
Be3 Qh4 16. Ng3 Qf6 17. Nxf5 gxf5 18. f3 Nc5 19. Bf1 a5 20. Kh1 Rae8 21. Rab1
Na6 22. a3 h5 23. b4 axb4 24. axb4 h4 25. Rb3 h3 26. gxh3 f4 27. Bf2 Qh6 28. c5
Kh8 29. c6 Nb8 30. cxb7 Re7 31. Ba7 Bf6 32. Bg2 Rg7 33. Rc3 Na6 34. Qe2 Nb8 35.
Rc4 Rfg8 36. Rg1 Qh5 37. b5 Qe8 38. Rc2 Bh4 39. b6 cxb6 40. Rc8 Qe7 41. Bxb8
Qxb7 42. Rxg8+ Rxg8 43. Bxd6 1-0

[Event "Women's Speed Chess Q7"]
[Site "chess.com INT"]
[Date "2021.06.06"]
[Round "7"]
[White "Nanditha, V"]
[Black "Dauletova, Gulmira"]
[Result "0-1"]
[WhiteTitle "WCM"]
[BlackTitle "WGM"]
[WhiteElo "1666"]
[BlackElo "2257"]
[WhiteFideId "46626697"]
[BlackFideId "13702971"]
[EventDate "2021.06.06"]

1. e4 e5 2. Nf3 Nc6 3. Bb5 a6 4. Ba4 Nf6 5. Qe2 b5 6. Bb3 Be7 7. c3 O-O 8. O-O
d6 9. h3 Na5 10. Bc2 c5 11. d3 Nc6 12. Re1 Re8 13. Bg5 h6 14. Bh4 d5 15. Nbd2 d4
16. Nf1 Be6 17. a4 c4 18. axb5 axb5 19. cxd4 exd4 20. Rxa8 Qxa8 21. Bxf6 Bxf6
22. e5 Be7 23. dxc4 bxc4 24. Qe4 d3 25. Bd1 Nb4 26. Ng3 Qxe4 27. Nxe4 Bd5 28.
Nc3 Bc6 29. Nd4 Bb7 30. Nf5 Bc5 31. Kf1 Kh7 32. g4 g6 33. Ng3 Bd4 34. Nge4 Rxe5
35. Nf6+ Kg7 36. Ne8+ Kf8 37. Nf6 Rxe1+ 38. Kxe1 Bxf6 39. Nb5 Bxb2 40. Nd6 Bd5
41. Ba4 c3 42. Nb5 d2+ 43. Ke2 Bc4+ 44. Kd1 Nd3 45. Nd4 Nxf2+ 46. Kc2 d1=Q# 0-1

[Event "Women's Speed Chess Q7"]
[Site "chess.com INT"]
[Date "2021.06.06"]
[Round "7"]
[White "Morris-Suzuki, Sophie"]
[Black "Pham, Le Thao Nguyen"]
[Result "0-1"]
[WhiteTitle "WFM"]
[BlackTitle "IM"]
[WhiteElo "2043"]
[BlackElo "2369"]
[WhiteFideId "30922615"]
[BlackFideId "12401226"]
[EventDate "2021.06.06"]

1. d4 d5 2. Bf4 c6 3. e3 Bf5 4. Nd2 e6 5. c3 Nf6 6. Qb3 Qb6 7. Ngf3 h6 8. Be2
Nbd7 9. O-O Be7 10. h3 O-O 11. Ne5 c5 12. Bh2 c4 13. Qxb6 axb6 14. f3 b5 15. g4
Bh7 16. Nxd7 Nxd7 17. e4 Nb6 18. e5 Na4 19. f4 Nxb2 20. f5 Bg5 21. Bf4 Bxf4 22.
Rxf4 Na4 23. Rc1 Nb6 24. Rb1 Rxa2 25. Rd1 Na4 26. Rf3 b4 27. cxb4 c3 28. Bb5
cxd2 29. Bxa4 Rxa4 30. Rxd2 Rxb4 31. f6 Be4 32. Rf4 Rc8 33. Kf2 g5 34. Rxe4 dxe4
35. Ke3 Rc3+ 36. Kxe4 Rxh3 37. Rd3 Rxd3 38. Kxd3 Rb5 39. Kc3 Rd5 40. Kc4 b5+ 41.
Kd3 Kh7 42. Ke4 Kg6 43. Kd3 h5 44. gxh5+ Kxh5 45. Ke4 Kg4 46. Kd3 Kf5 47. Ke3 b4
48. Kd3 b3 49. Kc3 b2 50. Kxb2 Rxd4 51. Kc3 Kxe5 52. Kc2 Rd5 53. Kc3 g4 54. Kc2
g3 55. Kc3 g2 56. Kc4 g1=Q 57. Kb4 Qb6+ 58. Ka4 Ra5# 0-1

[Event "Women's Speed Chess Q7"]
[Site "chess.com INT"]
[Date "2021.06.06"]
[Round "7"]
[White "Ortiz Verdezoto, Anahi"]
[Black "Garifullina, Leya"]
[Result "1-0"]
[WhiteTitle "WIM"]
[BlackTitle "WGM"]
[WhiteElo "2013"]
[BlackElo "2399"]
[WhiteFideId "3614581"]
[BlackFideId "34127035"]
[EventDate "2021.06.06"]

1. e4 c5 2. c3 d6 3. d4 cxd4 4. cxd4 g6 5. Nf3 Bg7 6. Nc3 Nf6 7. Be3 O-O 8. Bd3
Ng4 9. Bg5 Nc6 10. h3 Nf6 11. Be3 Nd7 12. O-O b6 13. Qd2 Bb7 14. Bh6 Rc8 15.
Bxg7 Kxg7 16. Rac1 Nf6 17. Rfe1 Nb4 18. Bb1 d5 19. e5 Ne8 20. e6 f6 21. h4 Nd6
22. h5 Rh8 23. a3 Na6 24. Qf4 Qe8 25. h6+ Kg8 26. g4 g5 27. Nxg5 Qf8 28. Nf3 Nc7
29. g5 f5 30. Re5 Qe8 31. Nh4 Qh5 32. Nxf5 Nxf5 33. Qxf5 Rf8 34. Qd3 Qg4+ 35.
Qg3 Qxg3+ 36. fxg3 Rf3 37. Kg2 Rf8 38. Rf1 Bc8 39. Rxf8+ Kxf8 40. Nxd5 Nxe6 41.
Nf4 Nxd4 42. Ba2 Nc6 43. Re4 e5 44. Ne6+ Ke7 45. Ng7 Kd6 46. Re1 Rf8 47. Rd1+
Ke7 48. Rc1 Bb7 49. Kh3 Rf3 50. Bd5 Rf8 51. Bxc6 Bxc6 52. Rxc6 1-0

[Event "Women's Speed Chess Q7"]
[Site "chess.com INT"]
[Date "2021.06.06"]
[Round "7"]
[White "Tania, Sachdev"]
[Black "Dong, Khanh Linh"]
[Result "1-0"]
[WhiteTitle "IM"]
[BlackTitle "WCM"]
[WhiteElo "2392"]
[BlackElo "1970"]
[WhiteFideId "5007844"]
[BlackFideId "12403040"]
[EventDate "2021.06.06"]

1. d4 d5 2. c4 c6 3. Nf3 dxc4 4. Nc3 Nf6 5. a4 Bf5 6. Ne5 e6 7. g3 Nbd7 8. Nxc4
Nb6 9. Ne5 Bd6 10. Nd3 Ne4 11. Bg2 Nxc3 12. bxc3 O-O 13. O-O h6 14. e4 Bg6 15.
a5 Nc4 16. a6 bxa6 17. Rxa6 Nb6 18. e5 Be7 19. Nf4 Rc8 20. Nxg6 fxg6 21. Qg4 Kh7
22. Qxe6 Re8 23. Qg4 c5 24. Be4 Kg8 25. Qe6+ Kh8 26. Qxg6 Kg8 27. Bxh6 Bf8 28.
Qh7+ Kf7 29. Bg6+ Ke7 30. Bg5+ Ke6 31. Bxd8 Rexd8 32. Qg8+ Kd7 33. Bf5+ Kc6 34.
Bxc8 Rxc8 35. d5+ Kb7 36. Qf7+ Kxa6 37. Ra1+ Kb5 38. d6 c4 39. d7 Rd8 40. e6 Bc5
41. e7 Bxe7 42. Qxe7 Rxd7 43. Qe5+ Kc6 44. Rb1 Rd5 45. Qe6+ Kc5 46. Qe7+ Kc6 47.
Qxa7 Nd7 48. Qa4+ Kd6 49. Qa6+ Ke5 50. Re1+ Kf5 51. Qe6+ Kg5 52. Qxd5+ Kh6 53.
Qxd7 Kh7 54. Re7 Kh6 55. Rxg7 Kh5 56. Qg4+ Kh6 57. Qg5# 1-0

[Event "Women's Speed Chess Q7"]
[Site "chess.com INT"]
[Date "2021.06.06"]
[Round "7"]
[White "Mohota, Nisha"]
[Black "Grigoryan, Meri"]
[Result "1-0"]
[WhiteTitle "IM"]
[BlackTitle "WFM"]
[WhiteElo "2195"]
[BlackElo "2044"]
[WhiteFideId "5004330"]
[BlackFideId "13300571"]
[EventDate "2021.06.06"]

1. b3 Nf6 2. Bb2 Nc6 3. Nf3 d6 4. d4 e5 5. dxe5 dxe5 6. Qxd8+ Nxd8 7. Nxe5 Be6
8. e3 Bc5 9. Bd3 O-O 10. O-O a5 11. a4 Bd6 12. Nc4 Bb4 13. Bxf6 gxf6 14. Nba3
Nc6 15. Nb5 Rac8 16. c3 Be7 17. Rad1 Ne5 18. Nxa5 Nxd3 19. Rxd3 f5 20. Nxb7 Bxb3
21. Na5 Bxa4 22. Nd4 Bd7 23. Rfd1 Be6 24. Nac6 Bf6 25. Nxe6 fxe6 26. c4 Kg7 27.
Rd7+ Kg6 28. h3 Rf7 29. Rxf7 Kxf7 30. Rd7+ Kg6 31. g3 h5 32. h4 e5 33. Kg2 Bh8
34. Ne7+ Kf6 35. Nxc8 Ke6 36. Re7+ Kf6 37. Rxc7 e4 38. c5 Ke6 39. c6 Be5 40. Rd7
f4 41. gxf4 Bb8 42. Rd1 Kf5 43. Ne7+ Kg4 44. Nd5 Bd6 45. c7 Bxc7 46. Nxc7 Kxh4
47. f5 Kg5 48. f6 Kxf6 49. Rd5 Kg6 50. Re5 h4 51. Rxe4 Kf5 52. Rxh4 Kg5 53. Kg3
Kf5 54. Rh5+ Kg6 55. Kg4 Kf6 56. Rh6+ Kg7 57. Kg5 Kg8 58. Kf6 Kf8 59. Rh8# 1-0

[Event "Women's Speed Chess Q7"]
[Site "chess.com INT"]
[Date "2021.06.06"]
[Round "7"]
[White "Head, Louise"]
[Black "Ziegenfuss, Antonia"]
[Result "0-1"]
[WhiteTitle "WFM"]
[BlackTitle "WFM"]
[WhiteElo "2090"]
[BlackElo "2157"]
[WhiteFideId "424773"]
[BlackFideId "12962554"]
[EventDate "2021.06.06"]

1. d4 Nf6 2. c4 e6 3. Nc3 d5 4. cxd5 exd5 5. Bg5 c6 6. e3 h6 7. Bh4 Be6 8. Qc2
Nbd7 9. Bd3 g5 10. Bg3 Nh5 11. Nge2 Nxg3 12. Nxg3 h5 13. Bf5 Qf6 14. Bxe6 fxe6
15. Nf1 O-O-O 16. O-O-O Kb8 17. f3 Rc8 18. Nd2 c5 19. dxc5 Bxc5 20. Rhe1 Bb4 21.
Ndb1 Nb6 22. Qb3 Bc5 23. Nd2 Rc7 24. Kb1 Rhc8 25. a3 d4 26. exd4 Bxd4 27. Nb5
Rc2 28. Nxd4 Qxd4 29. Ne4 Qg7 30. Qxc2 Rxc2 31. Kxc2 Qc7+ 32. Nc3 Nd5 33. Rxe6
Nxc3 34. bxc3 a6 35. Re4 Ka7 36. Rdd4 Qc6 37. Rb4 Qd6 38. Red4 Qe6 39. Kb2 Qe2+
40. Kb3 Qxg2 41. Rd7 Qxf3 42. Rdxb7+ Qxb7 43. Rxb7+ Kxb7 44. Kc4 g4 45. Kd4 h4
46. Ke3 Kb6 47. Kf4 g3 48. hxg3 h3 49. g4 h2 50. g5 h1=Q 51. Kf5 Qf3+ 52. Kg6
Qd5 53. Kh7 Qf7+ 54. Kh6 Qg8 55. g6 Kc5 56. a4 Kc4 57. a5 Kxc3 0-1

[Event "Women's Speed Chess Q7"]
[Site "chess.com INT"]
[Date "2021.06.06"]
[Round "7"]
[White "Gaponenko, Inna"]
[Black "Buksa, Nataliya"]
[Result "1-0"]
[WhiteTitle "IM"]
[BlackTitle "IM"]
[WhiteElo "2357"]
[BlackElo "2413"]
[WhiteFideId "14101181"]
[BlackFideId "14123622"]
[EventDate "2021.06.06"]

1. e4 c5 2. Nf3 Nc6 3. d4 cxd4 4. Nxd4 e5 5. Nb5 d6 6. N1c3 a6 7. Na3 Nf6 8. Bg5
Be7 9. Bxf6 Bxf6 10. Nd5 b5 11. c3 Rb8 12. Nc2 Bg5 13. a4 bxa4 14. Ncb4 Nxb4 15.
Nxb4 Bb7 16. Qxa4+ Qd7 17. f3 Qxa4 18. Rxa4 f5 19. Bxa6 Kd7 20. Bxb7 Rxb7 21.
Ke2 fxe4 22. fxe4 Rf8 23. Rf1 Rxf1 24. Kxf1 Bc1 25. Ra2 Be3 26. Ke2 Bc5 27. Nd5
Rb3 28. Kd3 Ke6 29. Kc4 Rb8 30. b4 Bg1 31. Ra6 Rc8+ 32. Kd3 Bxh2 33. b5 Bg1 34.
b6 Kd7 35. Ra7+ Kd8 36. Rxg7 Bxb6 37. Nxb6 Rc6 38. Nd5 Ra6 39. Rxh7 Ra2 40. Rg7
Ke8 41. g4 Kf8 42. Rd7 Rg2 43. Rxd6 Rxg4 44. Re6 Rg5 45. c4 Kf7 46. Re7+ Kf8 47.
c5 Rg1 48. c6 Rd1+ 49. Kc4 Rc1+ 50. Kb5 Rb1+ 51. Kc5 Rc1+ 52. Kd6 Rd1 53. c7 Rc1
54. Rd7 Ke8 55. Rd8+ Kf7 56. c8=Q Rxc8 57. Rxc8 Kg6 58. Kxe5 1-0

[Event "Women's Speed Chess Q7"]
[Site "chess.com INT"]
[Date "2021.06.06"]
[Round "7"]
[White "Sliwicka, Alicja"]
[Black "Gevorgyan, Maria"]
[Result "1-0"]
[WhiteTitle "WIM"]
[BlackTitle "WGM"]
[WhiteElo "2308"]
[BlackElo "2219"]
[WhiteFideId "1150677"]
[BlackFideId "13300270"]
[EventDate "2021.06.06"]

1. e4 c5 2. Nf3 Nc6 3. d4 cxd4 4. Nxd4 g6 5. c4 Nf6 6. Nc3 Nxd4 7. Qxd4 d6 8.
Be3 Bg7 9. f3 O-O 10. Qd2 a5 11. b3 a4 12. b4 Be6 13. Rc1 Nd7 14. Be2 Ne5 15.
Nd5 Bxd5 16. cxd5 a3 17. O-O Qd7 18. b5 Rfc8 19. Rxc8+ Rxc8 20. Rc1 Ra8 21. Qb4
f5 22. b6 fxe4 23. fxe4 Ra4 24. Qb1 Ra8 25. Rc7 Qe8 26. Rxb7 Nd7 27. Rc7 Rb8 28.
Qb5 Rd8 29. b7 Be5 30. Rxd7 Rb8 31. Qc6 g5 32. Bb5 Qh5 33. Qc8+ Kf7 34. h3 Qd1+
35. Bf1 Qe1 36. Bf2 Bh2+ 37. Kxh2 Qxf2 38. Qxb8 Qf4+ 39. Kg1 Qe3+ 40. Kh1 Qf2
41. Rxe7+ Kxe7 42. Qc7+ Kf6 43. Qxd6+ Kg7 44. Qe7+ Kh6 45. Qe6+ Kh5 46. Qg4+ Kh6
47. Qf5 Qb2 48. e5 Qxb7 49. e6 Qe7 50. Qf7 Qc5 51. e7 g4 52. e8=Q g3 53. Qh5+
Kg7 54. Qef7+ 1-0

[Event "Women's Speed Chess Q7"]
[Site "chess.com INT"]
[Date "2021.06.06"]
[Round "7"]
[White "Arpita, Mukherjee"]
[Black "Ambartsumova, Karina"]
[Result "0-1"]
[WhiteTitle "WIM"]
[BlackTitle "IM"]
[WhiteElo "2206"]
[BlackElo "2382"]
[WhiteFideId "5056403"]
[BlackFideId "4166299"]
[EventDate "2021.06.06"]

1. e4 c5 2. Nf3 e6 3. d4 cxd4 4. Nxd4 a6 5. Bd3 Bc5 6. Nb3 Ba7 7. Qg4 Nf6 8. Qe2
d6 9. Nc3 Nc6 10. f4 b5 11. a3 Bb7 12. Bd2 O-O 13. g4 b4 14. axb4 Nxb4 15. g5
Nxd3+ 16. Qxd3 Ne8 17. O-O-O Nc7 18. Be3 Bxe3+ 19. Qxe3 d5 20. exd5 Nxd5 21.
Nxd5 Bxd5 22. f5 Qc7 23. f6 Rac8 24. Nd4 Bxh1 25. Rxh1 Rfd8 26. c3 Qc5 27. Kb1
e5 28. Nf5 Qxe3 29. Nxe3 Rd2 30. Nf5 Rb8 31. b4 a5 32. Ne7+ Kh8 33. Nc6 Rc8 34.
b5 a4 35. Ka1 a3 36. Rb1 a2 37. Re1 Ra8 38. c4 Rc2 39. Nxe5 Kg8 40. Nxf7 Kxf7
41. Re7+ Kf8 42. Re1 gxf6 43. gxf6 Kf7 44. Re7+ Kxf6 45. Re1 Rxc4 46. Rf1+ Kg6
47. Rg1+ Kh5 48. Rd1 Rb4 49. Rd5+ Kh4 50. Rd1 Rxb5 51. Rd4+ Kh5 52. Rd3 Rb1# 0-1